New insurance law: a comprehensive treatise on the law of insurance covering all risks except marine insurance (Record no. 116490)

MARC details
000 -LEADER
fixed length control field 00480nam a2200157Ia 4500
008 - FIXED-LENGTH DATA ELEMENTS--GENERAL INFORMATION
fixed length control field 230917s9999||||xx |||||||||||||| ||und||
040 ## - CATALOGING SOURCE
-- 100851
Original cataloging agency VIVEKANANDA LIBRARY
041 ## - Language
-- English
082 ## - DDC NUMBER
Classification number 346.086 S64N
100 ## - MAIN ENTRY--PERSONAL NAME
Personal name Singh, Brij Nandan
245 #0 - TITLE STATEMENT
Title New insurance law: a comprehensive treatise on the law of insurance covering all risks except marine insurance
250 ## - EDITION STATEMENT
Edition statement 4th ed.
260 ## - PUBLICATION, DISTRIBUTION, ETC. (IMPRINT)
Place of publication, distribution, etc Allahabad
Name of publisher, distributor, etc Universal Book Agency
Date of publication, distribution, etc 2000
300 ## - PHYSICAL DESCRIPTION
Pages xl, 1184 p.
942 ## - ADDED ENTRY ELEMENTS (KOHA)
Koha item type Books
Holdings
Withdrawn status Lost status Damaged status Not for loan Location (home branch) Sublocation or collection (holding branch) Date acquired Koha issues (times borrowed) Koha full call number Accession No. Koha date last seen Koha item type
        VIVEKANANDA LIBRARY VIVEKANANDA LIBRARY 12/03/2004   346.086 S64N 207145 17/09/2023 Books
© Designed and Maintained by Vivekananda Library, MDU Rohtak